|
|
|
|
| LEADER |
00000nam a2200000 a 4500 |
| 001 |
vtls001284521 |
| 003 |
SK-MaSNL |
| 005 |
20260301113417.0 |
| 008 |
240314s1997 xo ap r y 0 slo |
| 015 |
|
|
|a SNBA1998/0100052
|
| 020 |
|
|
|a 8008014644
|
| 035 |
|
|
|a SNK000236021
|
| 035 |
|
|
|a urn:nbn:sk:snk-amk5b6
|
| 035 |
|
|
|a urn:nbn:sk:snk-am00504i
|
| 035 |
|
|
|a 1AF8DE5A-2700-43E8-945D-1818AEE5600C
|
| 040 |
|
|
|a SNK
|b slo
|c SNK
|e AACR2
|
| 041 |
0 |
|
|a slo
|
| 044 |
|
|
|a xo
|c SK
|
| 080 |
|
|
|a 808.54(075.3)
|2 1981
|
| 100 |
1 |
|
|a Varsányiová, Marta
|4 aut
|9 47549
|
| 245 |
1 |
0 |
|a Slovenský jazyk pre 1. ročník stredných škôl s vyučovacím jazykom maďarským
|n 2. časť
|c Marta Varsányiová
|
| 260 |
|
|
|a Bratislava
|b Slovenské pedagogické nakladateľstvo
|c 1997
|
| 300 |
|
|
|a 237 s.
|b ilustr., tab.
|c 21 cm
|
| 650 |
0 |
7 |
|a slovenčina
|2 SNK
|9 1350
|
| 655 |
|
7 |
|a učebnice
|2 SNK
|9 22521
|
| 919 |
|
|
|a 80-08-01464-4
|
| 958 |
|
|
|a TL
|
| 958 |
|
|
|a UC
|
| 999 |
|
|
|c 714092
|d 716022
|
| 952 |
|
|
|t P60, <09>, [BOOK], {629}
|a SNK
|b SNK
|y NEVYP
|7 0
|0 0
|1 0
|4 0
|d 1997-04-24
|l 0
|r 2005-01-02 00:00:00
|w 2026-02-23
|
| 952 |
|
|
|t P60, <03>, [BOOK], {603}
|a SNK
|b SNK
|y PREZ
|7 0
|p 17A0088630
|o snkSC 91351/2
|i snkKSP 9257/97
|0 0
|1 0
|4 0
|d 1997-08-28
|f 1
|l 0
|r 2025-09-10 00:00:00
|w 2026-02-23
|
| 952 |
|
|
|t P60, <04>, [BOOK], {604}
|a SNK
|b SNK
|y VYP
|7 0
|p 17A0088631
|o snkSC 91351/2 D1
|i snkKSP 9258/97
|0 0
|1 0
|4 0
|d 1997-08-28
|l 0
|r 2005-01-02 00:00:00
|w 2026-02-23
|